| 000 | 00950nam a2200253 a 4500 | ||
|---|---|---|---|
| 999 |
_c8186 _d8186 |
||
| 001 | 8186 | ||
| 003 | BD-JhCC | ||
| 005 | 20180417084304.0 | ||
| 008 | 180417s2008 bg |||| |||| 000 0 ben d | ||
| 020 | _a9847011700373 | ||
| 035 | _a(BD-JhCC)8186 | ||
| 040 |
_aBD-JhCC _dBD-JhCC |
||
| 041 | _aben | ||
| 082 |
_a305.42 _bROK 2008 |
||
| 245 |
_aরোকেয়া : _bযুক্তিবাদ নবজাগরণ ও শিক্ষা-সমাজতত্ত্ব / _cসম্পাদনায় আনোয়ারুল ভূঁইয়া |
||
| 260 |
_aঢাকা : _bরোদেলা প্রকাশনী; _c২০০৮. |
||
| 300 |
_a৩৯৯ পৃ. : _c১৯ সেমি. |
||
| 504 | _aগ্রন্থপঞ্জি সংযোজিত। | ||
| 600 | _aRokeya, Shakawath | ||
| 650 | _aSociology | ||
| 650 | _aWomen | ||
| 700 | _aভূঁইয়া, আনোয়ারুল | ||
| 942 |
_2ddc _cBK |
||